Szczegóły MARC21

The essential English dictionary /

005 -DATA I CZAS OSTATNIEJ MODYFIKACJI [,]
    • @
    • pole kontrolne
    • 20160322111747.0
020 -Międzynarod. znormalizowany nr książki - ISBN [ , ]
    • a
    • Numer ISBN
    • 0710515685 Find
040 -Instytucja sporządzająca opis [ , ]
    • a
    • Instytucja, która sporządziła opis (NP)
    • SZCZ U/SA
    • c
    • Instytucja, która sporządziła rekord (NP)
    • SZCZ U/SA
    • d
    • Instytucja, która zmodyfikowała rekord (P)
    • SZCZ U/MS
041 -Język dokumentu [0, ]
    • a
    • Język tekstu (P)
    • angielski
044 -Kraj miejsca wydania [ , ]
    • a
    • Kraj miejsca wydania
    • Wielka Brytania
942 -Rodzaj dokumentu [ , ]
    • c
    • Rodzaj dokumentu
    • Książka
245 -Strefa tytułu i oznaczenia odpowiedzialności [ , ]
    • a
    • Tytuł
    • The essential English dictionary / Find
    • c
    • Pozostałe elementy strefy tytułu i oznaczenia odpowiedzialności (NP)
    • [b.a.].
260 -Strefa adresu wydawniczego [ , ]
    • a
    • Miejsce wydania (P)
    • [London] :
    • b
    • Nazwa wydawcy (P)
    • Peter Haddock Publishing,
    • c
    • Data wydania (P)
    • [2006].
300 -Strefa opisu fizycznego [ , ]
    • a
    • Określenie formy książki i/lub objętość (NP)
    • 251 s. ;
    • b
    • Oznaczenie ilustracji (NP)
    • 20 cm.
500 -Uwaga ogólna [ , ]
    • a
    • Uwaga ogólna (NP)
    • Na okł.:"Clearly and concisely presented, ideal for home, school and office, clear, easy-to-read typeface".
500 -Uwaga ogólna [ , ]
    • a
    • Uwaga ogólna (NP)
    • Wyd. Peter Haddock Publishing został zintegrowany z DC Thomson Books Group i jest obecnie publikowane i rozprowadzane przez Parragon Books Ltd.(http://www.phpublishing.co.uk/)
080 -Uniwersalna Klasyfikacja Dziesiętna [ , ]
    • 9
    • UKD
    • 22676
    • a
    • Symbol klasyfikacji
    • 811.111'374
    • b
    • Dopowiedzenie
    • Język angielski. - Słownik języka angielskiego.
    • 4
    • UKD2
    • 7644
    • x
    • Poddział wspólny
    • =111
    • c
    • Dopowiedzenie poddz. wspólnego
    • =Język angielski.
980 -Symbol UKD [ , ]
    • a
    • UKD
    • 811.111'374=111
710 -Hasło dodatkowe - nazwa ciała zbiorowego [2, ]
    • a
    • Nazwa ciała zbiorowego lub nazwa geograficzna jako pierwszy element (NP)
    • Parragon Publishing.
    • 9
    • KHW
    • 91637
920 -ISBN [ , ]
    • a
    • ISBN
    • 0-7105-1568-5 Find
Status udost. Numer inwentarzowy Sygnatura Data inwentaryzacji Lokalizacja
-2T.19019T.190192015-10-05T